| 000 | 01850nam a22004937a 4500 | ||
|---|---|---|---|
| 001 | 219 | ||
| 003 | FISKH | ||
| 005 | 20241030153437.0 | ||
| 008 | 230306b cb ||||| |||| 00| 0 eng d | ||
| 010 | _a 97039059 | ||
| 020 | _a059035342X (pbk.) | ||
| 040 |
_aDLC _cDLC _dDLC _dWaU _dDLC _dFISKH _beng |
||
| 042 | _alcac | ||
| 050 | 0 | 0 |
_aPZ7.R79835 _bHar 1998 |
| 051 |
_aPZ7.R79835 _bHar 1998 |
||
| 082 | 0 | 0 |
_a823.914 _221 |
| 100 | 1 | _aRowling, J. K. | |
| 240 | 1 | 0 | _aHarry Potter and the philosopher's stone |
| 245 | 1 | 0 |
_aHarry Potter and the sorcerer's stone / _cby J.K. Rowling ; illustrations by Mary GrandPré. |
| 250 | _a1st American ed. | ||
| 260 |
_aNew York : _bScholastic _c1998. |
||
| 300 |
_avi, 309 pages : _billuatrations ; _c20 cm. |
||
| 500 | _a"Year 1"--Spine. | ||
| 500 | _aSequel: Harry Potter and the Chamber of Secrets. | ||
| 505 | _aQ | ||
| 520 | _aRescued from the outrageous neglect of his aunt and uncle, a young boy with a great destiny proves his worth while attending Hogwarts School for Witchcraft and Wizardry. | ||
| 521 | 8 |
_a880
_bLexile |
|
| 521 | 8 |
_aQ _bRaz-Plus |
|
| 600 | 1 | 0 |
_aPotter, Harry _c(Fictitious character) _vJuvenile fiction. |
| 600 | 1 | 0 |
_aGranger, Hermione _c(Fictitious character) _vJuvenile fiction. |
| 650 | 0 |
_aWeasley, Ron (Fictitious character) _vJuvenile fiction. |
|
| 650 | 0 |
_aHogwarts School of Witchcraft and Wizardry (Imaginary organization) _vJuvenile fiction. |
|
| 650 | 0 |
_aWizards _vJuvenile fiction. |
|
| 650 | 0 |
_aMagic _vJuvenile fiction. |
|
| 650 | 0 |
_aSchools _vJuvenile fiction. |
|
| 650 | 1 |
_aWizards _vFiction. |
|
| 650 | 1 |
_aMagic _vFiction. |
|
| 650 | 1 |
_aSchools _vFiction. |
|
| 651 | 0 |
_aEngland _vJuvenile fiction. |
|
| 651 | 1 |
_aEngland _vFiction. |
|
| 700 | 1 |
_aGrandPré, Mary, _eill. |
|
| 906 |
_a7 _bcbc _corignew _d1 _eocip _f19 _gy-gencatlg |
||
| 942 |
_2ddc _cBK _n0 |
||
| 999 |
_c219 _d219 |
||